Yellow/orange fruits&veggies Quiz Stats

 Plays Quiz not verified by Sporcle

Challenge
Share
Tweet
Embed
Score 0/16 Timer 03:00
0 Plays Today
% Correct
orange
83%
lemon
73.6%
banana
69.8%
carrot
62.3%
apple
49.1%
squash
47.2%
pumpkin
39.6%
mango
35.8%
% Correct
pineapple
32.1%
tangerine
30.2%
grapefruit
26.4%
corn
24.5%
papaya
17%
apricot
13.2%
cantaloupe
9.4%
nectarines
1.9%

You're not logged in!

Compare scores with friends on all Sporcle quizzes.
OR
Log In

You Might Also Like...

Show Comments

Extras

Created Mar 8, 2012ReportNominate
Tags:fruit, orange, yellow

Top Quizzes Today


Score Distribution

Your Account Isn't Verified!

In order to create a playlist on Sporcle, you need to verify the email address you used during registration. Go to your Sporcle Settings to finish the process.

Report this User

Report this user for behavior that violates our Community Guidelines.

Details: